International politics on the world stage /

Сохранить в:
Библиографические подробности
Главный автор: Rourke, John T., 1945-
Формат:
Язык:English
Опубликовано: Boston : McGraw-Hill, c2007.
Редактирование:11th ed.
Предметы:
Online-ссылка:Table of contents only
Publisher description
Contributor biographical information
Метки: Добавить метку
Нет меток, Требуется 1-ая метка записи!
Thư viện lưu trữ: Mạng thư viện Đại học Đà Nẵng
LEADER 01452cam a22003611a 4500
001 000033308
003 9458
005 20210320113737.0
008 151016s2007 000 eng
020 |a 9780073103556 
040 |a lnn  |c lnn  |d lnn 
082 0 0 |a 327.1  |b RO-J 
100 1 |a Rourke, John T.,  |d 1945- 
245 1 0 |a International politics on the world stage /  |c John T. Rourke. 
250 |a 11th ed. 
260 |a Boston :  |b McGraw-Hill,  |c c2007. 
300 |a xxxii, 526, [62] p. :  |b ill. (chiefly col.) ;  |c 26 cm. 
504 |a Includes bibliographical references and index. 
650 0 |a International relations. 
650 0 |a World politics  |y 1989- 
856 4 1 |3 Table of contents only  |u http://www.loc.gov/catdir/enhancements/fy0665/2005051103-t.html 
856 4 2 |3 Publisher description  |u http://www.loc.gov/catdir/enhancements/fy0665/2005051103-d.html 
856 4 2 |3 Contributor biographical information  |u http://www.loc.gov/catdir/enhancements/fy0737/2005051103-b.html 
OWN |a LNN 
902 |a TKA 
AVA |a UDN50  |b LNN  |c English  |d 420.30 RO-J  |e available  |t Error 5001 Not defined in file expand_doc_bib_avail.  |f 1  |g 0  |h N  |i 0  |j AN  |k 1 
999 |a From the UDN01 
AVA |a UDN50  |b LNN  |c English  |d 420.30 RO-J  |e available  |t Error 5001 Not defined in file expand_doc_bib_avail.  |f 1  |g 0  |h N  |i 0  |j AN  |k 1 
TYP |a Monograph 
TYP |a ON 
980 |a Mạng thư viện Đại học Đà Nẵng